<?xml version="1.0" encoding="UTF-8"?>
<record
    xmlns:xsi="http://www.w3.org/2001/XMLSchema-instance"
    xsi:schemaLocation="http://www.loc.gov/MARC21/slim http://www.loc.gov/standards/marcxml/schema/MARC21slim.xsd"
    xmlns="http://www.loc.gov/MARC21/slim">

  <leader>013600000a22001330004500</leader>
  <datafield tag="100" ind1="1" ind2=" ">
    <subfield code="a">Carbullanca, C&#xE9;sar.</subfield>
  </datafield>
  <datafield tag="245" ind1="1" ind2="0">
    <subfield code="a">La ignorancia en el evangelio de Marcos, un acercamiento desde la literatura de qumr&#xE1;n a la teor&#xED;a de las par&#xE1;bolas.</subfield>
  </datafield>
  <datafield tag="300" ind1=" " ind2=" ">
    <subfield code="a">Vol.59, no.168 (Jul. - Dic., 2009), p. 331-358.</subfield>
  </datafield>
  <datafield tag="500" ind1=" " ind2=" ">
    <subfield code="a">Ubicaci&#xF3;n: varios</subfield>
  </datafield>
  <datafield tag="520" ind1=" " ind2=" ">
    <subfield code="a">El art&#xED;culo propone una vinculaci&#xF3;n entre la interpretaci&#xF3;n escatol&#xF3;gica y la cristolog&#xED;a de Marcos, y establece que la interpretaci&#xF3;n mesi&#xE1;nica est&#xE1; fundada en el principio de ignorancia. &#xC9;ste lo encontramos en grupos apocal&#xED;pticos del siglo II a I a.C. y en la literatura de Qumr&#xE1;n espec&#xED;ficamente. Para ello, se mostrar&#xE1; la relaci&#xF3;n entre la lectura escatol&#xF3;gica existente en estos grupos apocal&#xED;pticos jud&#xED;os, como el de Qumr&#xE1;n y el evangelio de Marcos. De manera particular, se proporcionar&#xE1;n datos que explican el motivo de la incomprensi&#xF3;n de los disc&#xED;pulos desde la perspectiva propuesta. &#xC9;sta relaci&#xF3;n es establecida tanto diacr&#xF3;nica, con textos de tradiciones en&#xF3;quicas y de la literatura de Qumr&#xE1;n, como sincr&#xF3;nicamente, con textos del evangelio de Marcos. Se demostrar&#xE1; que tal principio fue conocido y utilizado por el evangelista para elaborar y configurar su obra.</subfield>
  </datafield>
  <datafield tag="650" ind1="1" ind2="4">
    <subfield code="a">BIBLIA N.T. - EVANGELIOS SINOPTICOS</subfield>
  </datafield>
  <datafield tag="773" ind1="0" ind2=" ">
    <subfield code="t">Theologica Xaveriana</subfield>
  </datafield>
  <datafield tag="942" ind1=" " ind2=" ">
    <subfield code="c">ANA</subfield>
  </datafield>
  <datafield tag="952" ind1=" " ind2=" ">
    <subfield code="0">0</subfield>
    <subfield code="1">0</subfield>
    <subfield code="4">0</subfield>
    <subfield code="7">0</subfield>
    <subfield code="8">HEM</subfield>
    <subfield code="a">FUSBC</subfield>
    <subfield code="b">FUSBC</subfield>
    <subfield code="d">2016-01-26</subfield>
    <subfield code="l">0</subfield>
    <subfield code="o"> </subfield>
    <subfield code="r">2016-01-26 00:00:00</subfield>
    <subfield code="w">2016-01-26</subfield>
    <subfield code="y">ANA</subfield>
  </datafield>
  <datafield tag="999" ind1=" " ind2=" ">
    <subfield code="c">62999</subfield>
    <subfield code="d">62999</subfield>
  </datafield>
</record>
